000 00237nam a2200109Ia 4500
005 20251222144844.0
008 251222s9999||||xx |||||||||||||| ||spa||
082 _a362.1/O65
245 0 _aSistemas de Salud
264 _bOPS
942 _cLIB
999 _c21344
_d21344